| 000 | 02829nam a22003257a 4500 | ||
|---|---|---|---|
| 003 | OSt | ||
| 005 | 20240806135041.0 | ||
| 007 | cr ||||||a|c|a | ||
| 008 | 240802s2023 mx ad||fom||| 001 0 spa d | ||
| 040 | _erda | ||
| 100 | 1 |
_aNajera Antonio, Fabiola _9189377 |
|
| 245 | 1 | 0 |
_aEfectividad biológica de Benzoato de Emamectina + Deltametrina para el control de gusano cogollero (Spodoptera frugiperda) en el cultivo del maíz / _cpor Fabiola Najera Antonio; presidente Manuel Alejandro Tejeda Reyes; secretario Amado Pérez Rodríguez; vocal Roberto Abraham Ocampo Ruíz; suplente Miguel Angel Flores Hernández; suplente Calixto Leopoldo Carrillo Fonseca |
| 264 | 1 |
_aChapingo, México : _bEl autor, _c2023. |
|
| 300 |
_a1 recurso en línea (22 páginas): _bIlustraciones, cuadros, gráficas |
||
| 336 |
_2rdacontent _atexto _btxt |
||
| 337 |
_2rdamedia _acomputadora _bc |
||
| 338 |
_2rdacarrier _arecurso en línea _bcr |
||
| 502 |
_bIAEPA _cParasitología _d2023 _gLIC |
||
| 504 | _aIncluye referencias bibliográficas: páginas 21-22 | ||
| 520 | _aEl gusano cogollero (Spodoptera frugiperda) es una de las principales plagas que afectan la producción de maíz en México. La presente investigación se llevó a cabo en Yautepec, Morelos. Con el objetivo de evaluar la eficacia biológica y el efecto fitotóxico de Benzoato de emamectina + deltametrina para el control de gusano cogollero (Spodoptera frugiperda) en el cultivo del maíz. Los tratamientos a evaluar se hicieron en un diseño en bloques completamente al azar, con cuatro repeticiones de cada tratamiento, cada unidad experimental estuvo constituida por 20 m2 compuesto por 5 surcos de 0.8 m por 5 m de largo, 80 m2 de tratamiento y 400 m2 total de la superficie. Los tratamientos se aplicaron por única vez, con una mochila motorizada. Se realizó un muestreo previo, y posteriormente se realizaron evaluaciones de eficacia a los 3, 7, 10 y 14 días después de la aplicación de los tratamientos. De los tratamientos evaluados, ninguno presentó efecto fitotóxico en el cultivo. Las dosis evaluadas de Benzoato de emamectina + deltametrina (400, 500 y 600 mL/ha) demostraron tener eficacias de control contra el gusano cogollero (Spodoptera frugiperda) en cultivo de maíz. | ||
| 650 | 4 |
_aGusano cogollero del maíz _xControl _9136697 |
|
| 650 | 4 |
_aMaíz _xPlagas _xControl _971035 |
|
| 700 | 1 |
_aTejeda Reyes, Manuel Alejandro _9112025 _epresidente |
|
| 700 | 1 |
_aPérez Rodríguez, Amado _989979 _esecretario |
|
| 700 | 1 |
_aOcampo Ruiz, Roberto Abraham _982612 _evocal |
|
| 700 | 1 |
_aFlores Hernández, Miguel Ángel _9136325 _esuplente |
|
| 700 | 1 |
_aCarrillo Fonseca, Calixto Leopoldo _919482 _esuplente |
|
| 856 |
_uhttp://10.13.5.2/tesis/tl/1211712-4_NAJERA_ANTONIO_FABIOLA.pdf _zDESCARGAR PDF |
||
| 942 |
_2Clasificación Universidad Autónoma Chapingo _cTD |
||
| 999 |
_c220050 _d220050 |
||